Library Banner

Abul Ala Maududi fikro dawat(arabic)/ (Record no. 102010)

MARC details
000 -LEADER
fixed length control field 00421nam a22001457a 4500
005 - DATE AND TIME OF LATEST TRANSACTION
control field 20180123122316.0
008 - FIXED-LENGTH DATA ELEMENTS--GENERAL INFORMATION
fixed length control field 180123b xxu||||| |||| 00| 0 eng d
040 ## - CATALOGING SOURCE
Transcribing agency PK-LaUMT
082 ## - DEWEY DECIMAL CLASSIFICATION NUMBER
Classification number PKAC 297.74
Item number SAM-A
100 ## - MAIN ENTRY--PERSONAL NAME
Personal name Sameer Abdul Hameed Ibrahim
245 ## - TITLE STATEMENT
Title Abul Ala Maududi fikro dawat(arabic)/
Statement of responsibility, etc Sameer Abdul Hameed Ibrahim
260 ## - PUBLICATION, DISTRIBUTION, ETC. (IMPRINT)
Place of publication, distribution, etc القاھرہ:
Name of publisher, distributor, etc دارالانصار،
300 ## - PHYSICAL DESCRIPTION
Extent 231
942 ## - ADDED ENTRY ELEMENTS (KOHA)
Koha item type Books
Holdings
Withdrawn status Lost status Damaged status Home library Current library Date acquired Full call number Barcode Date last seen Price effective from Koha item type
      UMT Main Campus UMT Main Campus 2018-01-23 PKAC 297.74 SAM-A 117974 2018-01-23 2018-01-23 Books